000 00826cam a22002291 4500
001 sa 68008263
003 DLC
005 20260227112530.0
008 690106s1968 ii k 000 0 eng
010 _asa 68008263
025 _aPL480:I-E-10261
040 _aDLC
_cDLC
_dDLC
050 0 0 _aKNT8662.5.A311958
_bN37 1968
082 0 0 _a340
110 1 _aKerala, India (State).
_kLaws, statutes, etc.
245 1 4 _aThe Kerala education act, 1958
_b(Act 6 of 1959 as amended by Act 35 of 1960) with the Kerala education rules, 1959 as amended upto 1st February, 1968, notifications, orders, etc.,
_cby K. K. Narendran.
250 _a[4th ed.]
260 _aErnakulam,
_bSouthern Book Co.
_c[1968]
300 _a346 p.
_bforms.
_c25 cm.
650 0 _aEducational law and legislation
_zKerala.
700 1 _aNarendran, K. K.,
_eed.
999 _c82333
_d82333